French regular -re verbs - Statistics

General Stats
  • This quiz has been taken 23 times
  • The average score is 27 of 93
Answer Stats
Hint Answer % Correct
je/j' (subjunctive) -e
92%
il (subjunctive) -e
92%
je/j' (present) -s
83%
tu (present) -s
83%
tu (imperative) -s
83%
vous (present) -ez
67%
vous (imperative) -ez
67%
ils (present) -ent
58%
ils (subjunctive) -ent
58%
tu (subjunctive) -es
58%
nous (present) -ons
58%
nous (imperative) -ons
58%
ils (imperfect) -aient
50%
past participle -u
50%
je/j' (imperfect) -ais
42%
tu (imperfect) -ais
42%
il (imperfect) -ait
42%
vous (imperfect) -iez
42%
vous (subjunctive) -iez
42%
nous (imperfect) -ions
42%
nous (subjunctive) -ions
42%
il (future) -ra
42%
je/j' (future) -rai
42%
je/j' (conditional) -rais
42%
tu (conditional) -rais
42%
tu (future) -ras
42%
je/j' (passé composé) ai -u
33%
je/j' (passé simple) -is
33%
tu (passé simple) -is
33%
il (conditional) -rait
33%
vous (future) -rez
33%
nous (future) -rons
33%
ils (future) -ront
33%
tu (passé composé) as -u
25%
il (passé composé) a -u
25%
il (imperfect subj.) -ît
25%
il (passé simple) -it
25%
ils (passé composé) ont -u
25%
ils (conditional) -raient
25%
vous (conditional) -riez
25%
nous (conditional) -rions
25%
ils (past subjunctive) aient -u
17%
tu (past subjunctive) aies -u
17%
je/j' (past subjunctive) aie -u
17%
tu (past imperative) aie -u
17%
il (past subjunctive) ait -u
17%
present participle -ant
17%
ils (past conditional) auraient -u
17%
je/j' (past conditional) aurais -u
17%
tu (past conditional) aurais -u
17%
il (past conditional) aurait -u
17%
je/j' (future perfect) aurai -u
17%
tu (future perfect) auras -u
17%
il (future perfect) aura -u
17%
vous (future perfect) aurez -u
17%
vous (past conditional) auriez -u
17%
nous (past conditional) aurions -u
17%
nous (future perfect) aurons -u
17%
ils (future perfect) auront -u
17%
ils (past perfect) avaient -u
17%
je/j' (past perfect) avais -u
17%
tu (past perfect) avais -u
17%
vous (passé composé) avez -u
17%
vous (past perfect) aviez -u
17%
nous (past perfect) avions -u
17%
past infinitive avoir -u
17%
nous (passé composé) avons -u
17%
perfect participle ayant -u
17%
vous (past subjunctive) ayez -u
17%
vous (past imperative) ayez -u
17%
nous (past subjunctive) ayons -u
17%
nous (past imperative) ayons -u
17%
nous (past anterior) eûmes -u
17%
ils (past anterior) eurent -u
17%
ils (pluperfect subj.) eussent -u
17%
tu (pluperfect subj.) eusses -u
17%
je/j' (pluperfect subj.) eusse -u
17%
vous (pluperfect subj.) eussiez -u
17%
nous (pluperfect subj.) eussions -u
17%
je/j' (past anterior) eus -u
17%
tu (past anterior) eus -u
17%
vous (past anterior) eûtes -u
17%
il (pluperfect subj.) eût -u
17%
il (past anterior) eut -u
17%
je/j' (imperfect subj.) -isse
17%
tu (imperfect subj.) -isses
17%
vous (imperfect subj.) -issiez
17%
nous (imperfect subj.) -issions
17%
nous (passé simple) -îmes
8%
ils (passé simple) -irent
8%
ils (imperfect subj.) -issent
8%
vous (passé simple) -îtes
8%
il (past perfect) avait -i
0%
No matching quizzes found
Score Distribution
Percent of People with Each Score
Percentile by Number Answered
Your Score History
You have not taken this quiz